000 00636nam a2200253Ia 4500
005 20260121153803.0
008 008 260114s9999 xx 000 0 eng d
020 _a9780203846957
037 _aEBOOK
040 _aCRL
040 _beng
040 _cCRL
041 _2eng
041 _aeng
084 _qCRL
100 _aDavid De Cremer; J. Keith Murnighan; Rolf van Dick
_9999118
245 0 _aSocial Psychology and Organizations
260 _bTaylor and Francis
260 _c2011
856 _uhttp://www.taylorfrancis.com/books/9780203846957
942 _cEBOOK
999 _c1565939
_d1565939